000 00315 a2200133 4500
001 47965
040 _cAnchieta - Aquarius
100 _aNascimento, Devison Amorim do
240 1 0 _aEu que vi, eu que vi
_lpor
245 1 0 _aEu que vi, eu que vi
300 _a21
650 4 _aLiteratura infanto-juvenil
942 _cBK
999 _c47965
_d47965